000 00453nam a22001937a 4500
003 MPLRDC
005 20220104143718.0
008 210129b ||||| |||| 00| 0 eng d
020 _a957-8526-65-2
082 _a191 LCS
100 _a刘朝胜 编著
245 _a以柔克刚: 立身处世的韬略
_c
250 _a初版
260 _a
_b昭文社
_c1996
300 _b
490 _a人生一点通
650 _a
942 _cBK
_o191 LCS
999 _c42595
_d42585